000 00657nam a22001937a 4500
003 BD-DhUL
005 20161027135614.0
008 161027s1980 ii a|||| |||| 000 0 ben d
040 _cBD-DhUL
_dBD-DhUL
082 _a891.443
_bRAC
100 1 _aচৌধুরী, রমাপদ
245 _aচড়াই /
_cরমাপদ চৌধুরী
260 _aকলিকাতা :
_bদেজ পাবলিশিং,
_c১৯৮০ ।
300 _a১৫৯পৃ. :
_bচিত্র ;
_c২২ সেমি. ।
365 _aIRS
_b10.00
650 _aবাংলা উপন্যাস
650 _aBengali Novel
942 _2ddc
_cBK
999 _c116188
_d116188